[Event "ROM-chT U20"]
[Site "Mamaia"]
[Date "2012.09.04"]
[Round "3"]
[White "Siclovan, Cristian Daniel"]
[Black "Axente, Alexandru"]
[Result "1-0"]
[WhiteElo "2196"]
[BlackElo "1703"]
[PlyCount "57"]
[EventDate "2012.09.03"]
[EventType "team-swiss"]
[EventRounds "6"]
[EventCountry "ROU"]
[SourceTitle "CBM 150 Extra"]
[Source "ChessBase"]
[SourceDate "2012.10.19"]
[SourceVersion "1"]
[SourceVersionDate "2012.10.19"]
[SourceQuality "1"]

1. e4 Nf6 2. e5 Nd5 3. c4 Nb6 4. d4 d6 5. exd6 exd6 6. Nc3 Be7 7. Be3 Nc6 8. b3 0-0 9. Nf3 Bg4 10. Be2 Bf6 11. Qd2 Re8 12. 0-0-0 d5 13. c5 Nc8 14. h3 Be6 15. g4 a5 16. g5 Be7 17. Bf4 N8a7 18. h4 Qd7 19. h5 g6 20. hxg6 fxg6 21. Nb5 Rac8 22. Nxa7 Nxa7 23. Ne5 Qd8 24. Rh2 Nc6 25. Nxc6 bxc6 26. Rdh1 Bf8 27. Rxh7 Bg7 28. Rxg7+ Kxg7 29. Be5+ 1-0